| 000 | 00722nam a22001817a 4500 | ||
|---|---|---|---|
| 005 | 20251126181343.0 | ||
| 008 | 251120b |||||||| |||| 00| 0 eng d | ||
| 020 | _a 978-81-19613-49-6 | ||
| 041 | _aeng | ||
| 082 | _a658.562 OJH-T | ||
| 100 |
_aOJHA. DR. ABHIJEET. 2-DHAUNDHIYAL, KARUNA 3- DHARMSHAKTU, MRS. SARITA RAWAT 4-SINGH, DR. ARUN KUMAR _98754 |
||
| 245 | _aA THEORETICAL BOOK ON QUALITY ASSURANCE | ||
| 250 | _a1ST ED, 2024 | ||
| 260 |
_aNEW DELHI _bINNOVATIVE PUBLICATIONS PVT,LTD _c2024 |
||
| 300 | _a135;P | ||
| 650 |
_aPHARMACY _xB.PHARMA |
||
| 942 | _cBK | ||
| 999 |
_c8926 _d8924 |
||